Prostriedky z daňovej asignácie - ich poukázanie a použitie
Pravidlá použitia a poukázania prijatých prostriedkov z daňovej asignácie.
Salvato in:
| Autore principale: | |
|---|---|
| Natura: | Capitolo di libro |
| Lingua: | slovacco |
| Soggetti: | |
| Tags: |
Nessun Tag, puoi essere il primo ad aggiungerne!!
|
MARC
| LEADER | 00000naa a2200000 4500 | ||
|---|---|---|---|
| 001 | 0175957 | ||
| 005 | 20231120124509.9 | ||
| 041 | 0 | |a slo | |
| 044 | |a SK | ||
| 245 | 1 | 0 | |a Prostriedky z daňovej asignácie - ich poukázanie a použitie |c Ivana Valterová |
| 520 | |a Pravidlá použitia a poukázania prijatých prostriedkov z daňovej asignácie. | ||
| 610 | 2 | 0 | |a legislatíva |
| 610 | 2 | 0 | |a Slovensko |
| 610 | 2 | 0 | |a prostriedky peňažné |
| 610 | 2 | 0 | |a asignácia daňová |
| 100 | 1 | |a Valterová, Ivana | |